000 00555cam a2200217ua 4500
001 11292
005 20260515114732.0
008 190912n ii |||frmmmmZ001|0|asm
020 _a9789382056966
040 _cMAIN
041 _aasm
082 _a320.54
100 _aAkhil Gogoi,
_eAuthor.,
245 _aAsomiya Jatiyatabas :
_bswadhikar pratistha sangram /
_cBy Akhil Gogoi .
250 _a1st ed.
260 _aGuwahati:
_bBanlata,
_c2018.
300 _a280p.
653 _aPolitical science
653 _aAssamese nationalism
942 _cBK
999 _c10134
_d10134